[Event "IECG CB.2004.0.00103 email"]
[Site "IECG email"]
[Date "2004.01.02"]
[Round "?"]
[White "Vonhoff, Joerg"]
[Black "Zhelezny, Andrey"]
[Result "1-0"]
[WhiteElo "1950"]
[BlackElo "1923"]
[PlyCount "31"]
[EventDate "2004.01.02"]
[EventType "tourn (corr)"]
[EventRounds "6"]
[SourceTitle "Corr 2008"]
[Source "ChessBase"]
[SourceDate "2008.06.24"]
[SourceVersion "1"]
[SourceVersionDate "2008.06.24"]
[SourceQuality "1"]

1. e4 c5 2. Nf3 Nc6 3. d4 cxd4 4. Nxd4 e5 5. Nb5 d6 6. Bc4 Nf6 7. Bg5 Be7 8. Bxf6 gxf6 9. Qh5 0-0 10. 0-0 Be6 11. Bxe6 fxe6 12. Qg4+ Kf7 13. Qh3 Qb6 14. N1c3 a6 15. Na3 Qxb2 16. Nc4 1-0

[Event "IECG CA.2004.0.00113 email"]
[Site "IECG email"]
[Date "2004.01.02"]
[Round "?"]
[White "Zhelezny, Andrey"]
[Black "Blittkowsky, Ralf"]
[Result "0-1"]
[WhiteElo "2066"]
[BlackElo "2041"]
[PlyCount "25"]
[EventDate "2004.01.02"]
[EventType "tourn (corr)"]
[EventRounds "6"]
[SourceTitle "Corr 2024"]
[Source "ChessBase"]
[SourceDate "2023.10.19"]
[SourceVersion "1"]
[SourceVersionDate "2023.10.19"]
[SourceQuality "1"]

1. e4 c5 2. f4 Nf6 3. e5 Nd5 4. d4 cxd4 5. Nf3 Qa5+ 6. Bd2 Qb6 7. Na3 Nc6 8. Bd3 g6 9. Nc4 Qc5 10. a3 a6 11. b4 Qa7 12. Be4 Nb6 13. Qe2 0-1

[Event "IECG CB.2004.0.00103 email"]
[Site "IECG email"]
[Date "2004.01.02"]
[Round "?"]
[White "Zhelezny, Andrey"]
[Black "Silva, Avelino Jose Branqu"]
[Result "0-1"]
[WhiteElo "1923"]
[BlackElo "1935"]
[PlyCount "34"]
[EventDate "2004.01.02"]
[EventType "tourn (corr)"]
[EventRounds "6"]
[SourceTitle "Corr 2008"]
[Source "ChessBase"]
[SourceDate "2008.06.24"]
[SourceVersion "1"]
[SourceVersionDate "2008.06.24"]
[SourceQuality "1"]

1. e4 e6 2. Nf3 d5 3. Nc3 Nf6 4. e5 Nfd7 5. d4 c5 6. Bb5 Nc6 7. 0-0 a6 8. Bxc6 bxc6 9. Bg5 Qc7 10. Ne2 cxd4 11. Qxd4 c5 12. Qc3 h6 13. Bd2 g5 14. b4 Bg7 15. bxc5 Qxc5 16. Rab1 Qxc3 17. Bxc3 a5 0-1

[Event "IECG QB.2003.0.00042 email"]
[Site "IECG email"]
[Date "2003.09.03"]
[Round "?"]
[White "Zhelezny, Andrey"]
[Black "Gajzner, Ryszard"]
[Result "0-1"]
[WhiteElo "1875"]
[BlackElo "1800"]
[PlyCount "54"]
[EventDate "2003.09.03"]
[EventType "tourn (corr)"]
[EventRounds "6"]
[SourceTitle "Corr 2008"]
[Source "ChessBase"]
[SourceDate "2008.06.24"]
[SourceVersion "1"]
[SourceVersionDate "2008.06.24"]
[SourceQuality "1"]

1. f4 d5 2. Nf3 Nf6 3. e3 g6 4. c4 c6 5. cxd5 cxd5 6. Bb5+ Bd7 7. Qb3 Bg7 8. Nc3 Bxb5 9. Qxb5+ Qd7 10. 0-0 0-0 11. d3 Qxb5 12. Nxb5 Nc6 13. Bd2 Rac8 14. Rac1 Nd7 15. Bc3 a6 16. Bxg7 Kxg7 17. Nc3 Nb6 18. a3 d4 19. exd4 Rfd8 20. Ne2 e6 21. Rfe1 Ne7 22. Kf2 Nbd5 23. h3 h5 24. g4 Rh8 25. Kg3 hxg4 26. hxg4 b6 27. Nc3 b5 0-1

[Event "IECG CB.2003.0.00092 email"]
[Site "IECG email"]
[Date "2003.09.03"]
[Round "?"]
[White "Zhelezny, Andrey"]
[Black "Jensen, Soeren"]
[Result "0-1"]
[WhiteElo "1875"]
[BlackElo "1839"]
[PlyCount "56"]
[EventDate "2003.09.03"]
[EventType "tourn (corr)"]
[EventRounds "6"]
[SourceTitle "Corr 2008"]
[Source "ChessBase"]
[SourceDate "2008.06.24"]
[SourceVersion "1"]
[SourceVersionDate "2008.06.24"]
[SourceQuality "1"]

1. f4 d5 2. Nf3 Nf6 3. e3 g6 4. c4 Bg7 5. Nc3 0-0 6. d4 c5 7. dxc5 Qa5 8. cxd5 Nxd5 9. Qxd5 Bxc3+ 10. Bd2 Rd8 11. Qxd8+ Qxd8 12. Bxc3 Qc7 13. b4 a5 14. a3 b6 15. Rc1 axb4 16. Bxb4 Nc6 17. Bb5 Nxb4 18. axb4 bxc5 19. 0-0 Qb7 20. Rxc5 Qe4 21. Re5 Qxb4 22. Nd4 Ra2 23. Be2 Ba6 24. Bxa6 Rxa6 25. Rd1 Ra2 26. Rb5 Qa3 27. Re1 h5 28. Rbb1 Kg7 0-1

[Event "IECG QB.2003.0.00041 email"]
[Site "IECG email"]
[Date "2003.08.31"]
[Round "2"]
[White "Zhelezny, Andrey"]
[Black "Pierrard, Bernard"]
[Result "0-1"]
[WhiteElo "1875"]
[BlackElo "1960"]
[PlyCount "50"]
[EventDate "2003.08.31"]
[EventType "tourn (corr)"]
[EventRounds "6"]
[SourceTitle "Corr 2008"]
[Source "ChessBase"]
[SourceDate "2008.06.24"]
[SourceVersion "1"]
[SourceVersionDate "2008.06.24"]
[SourceQuality "1"]

1. f4 Nf6 2. Nf3 c5 3. e3 d6 4. d4 e6 5. dxc5 Qa5+ 6. Nc3 d5 7. Bd2 Qxc5 8. Bd3 Be7 9. Qe2 0-0 10. e4 Na6 11. e5 Nd7 12. Be3 Qb4 13. 0-0-0 Ndc5 14. Bxa6 bxa6 15. a3 Qb7 16. Qf2 Nd7 17. Nd4 Qc7 18. Qg3 Bxa3 19. Nxd5 Bxb2+ 20. Kxb2 exd5 21. Nf5 g6 22. Ne7+ Kg7 23. Nxd5 Qa5 24. Bf2 Rb8+ 25. Kc1 Qa2 0-1

[Event "IECG CC.2003.0.00058 email"]
[Site "IECG email"]
[Date "2003.06.03"]
[Round "1"]
[White "Zhelezny, Andrey"]
[Black "Sherwood, Russell"]
[Result "1-0"]
[WhiteElo "1758"]
[BlackElo "1773"]
[PlyCount "97"]
[EventDate "2003.03.16"]
[EventType "tourn (corr)"]
[EventRounds "6"]
[SourceTitle "Corr 2008"]
[Source "ChessBase"]
[SourceDate "2008.06.24"]
[SourceVersion "1"]
[SourceVersionDate "2008.06.24"]
[SourceQuality "1"]

1. e4 d5 2. exd5 Qxd5 3. Nc3 Qd6 4. d4 Nf6 5. Nf3 a6 6. Bd3 Bg4 7. h3 Bh5 8. 0-0 Nc6 9. g4 Bg6 10. Re1 Nb4 11. Bxg6 hxg6 12. Kg2 e6 13. a3 Nbd5 14. Nxd5 Qxd5 15. b3 0-0-0 16. c4 Qd7 17. Ne5 Qe8 18. Qf3 Be7 19. g5 Rxd4 20. Bb2 Rdh4 21. gxf6 gxf6 22. Ng4 f5 23. Bxh8 fxg4 24. hxg4 Qxh8 25. Rh1 f5 26. Rae1 Rxh1 27. Rxh1 Qf6 28. b4 e5 29. gxf5 Kb8 30. Rh7 gxf5 31. Qh5 Bd8 32. Rh6 Qg7+ 33. Qg6 Qd7 34. Rh8 Kc8 35. Re8 e4 36. Re5 f4 37. Rxe4 f3+ 38. Kg3 Kb8 39. Re8 Ka7 40. Qe6 Qd4 41. Qe3 Bf6 42. Re4 Qxe3 43. Rxe3 b5 44. c5 Kb7 45. Kxf3 Bb2 46. Ke4 Kc6 47. Rd3 Bh8 48. f4 Bb2 49. Kf5 1-0

[Event "CFriend SI-2003-0-00006 email"]
[Site "Chessfriend.com"]
[Date "2003.04.06"]
[Round "?"]
[White "Hynes, Thomas F"]
[Black "Zhelezny, Andrey"]
[Result "1/2-1/2"]
[WhiteElo "1817"]
[BlackElo "1869"]
[PlyCount "22"]
[EventDate "2003.??.??"]
[EventType "tourn (corr)"]
[EventRounds "8"]
[SourceTitle "Corr 2008"]
[Source "ChessBase"]
[SourceDate "2008.06.24"]
[SourceVersion "1"]
[SourceVersionDate "2008.06.24"]
[SourceQuality "1"]

1. e4 c5 2. Nf3 Nc6 3. d4 cxd4 4. Nxd4 e5 5. Nb5 d6 6. c4 Be7 7. N1c3 a6 8. Na3 Nf6 9. Nc2 Bg4 10. Be2 Bxe2 11. Qxe2 Nd4 1/2-1/2

[Event "CFriend SI-2003-0-00006 email"]
[Site "Chessfriend.com"]
[Date "2003.04.06"]
[Round "?"]
[White "Vidalina, Franjo"]
[Black "Zhelezny, Andrey"]
[Result "0-1"]
[WhiteElo "2018"]
[BlackElo "1980"]
[PlyCount "50"]
[EventDate "2003.??.??"]
[EventType "tourn (corr)"]
[EventRounds "8"]
[SourceTitle "Corr 2008"]
[Source "ChessBase"]
[SourceDate "2008.06.24"]
[SourceVersion "1"]
[SourceVersionDate "2008.06.24"]
[SourceQuality "1"]

1. e4 c5 2. Nf3 Nc6 3. d4 cxd4 4. Nxd4 e5 5. Nb5 d6 6. Bg5 f6 7. Be3 f5 8. Bg5 Qxg5 9. Nc7+ Kd8 10. Nxa8 Nf6 11. Nc3 Nxe4 12. Nxe4 fxe4 13. c3 Be7 14. Qd5 Qg6 15. Qb5 Rf8 16. Bc4 Qxg2 17. 0-0-0 Rxf2 18. Bd5 Qh3 19. Kb1 e3 20. Ka1 e2 21. Rb1 Rxh2 22. Rhg1 Bh4 23. Bxc6 bxc6 24. Qxc6 Qd7 25. Qc4 g6 0-1

[Event "CFriend SI-2003-0-00006 email"]
[Site "Chessfriend.com"]
[Date "2003.04.06"]
[Round "?"]
[White "Zhelezny, Andrey"]
[Black "Chambers, Chris L"]
[Result "1/2-1/2"]
[WhiteElo "1980"]
[BlackElo "1847"]
[PlyCount "89"]
[EventDate "2003.??.??"]
[EventType "tourn (corr)"]
[EventRounds "8"]
[SourceTitle "Corr 2008"]
[Source "ChessBase"]
[SourceDate "2008.06.24"]
[SourceVersion "1"]
[SourceVersionDate "2008.06.24"]
[SourceQuality "1"]

1. e4 c5 2. Nf3 Nc6 3. d4 cxd4 4. Nxd4 Nf6 5. Nc3 e5 6. Ndb5 d6 7. Bg5 a6 8. Na3 b5 9. Bxf6 gxf6 10. Nd5 f5 11. Bd3 Be6 12. Qh5 Rg8 13. 0-0 f4 14. c3 Rg6 15. h3 Rc8 16. Rfd1 Rh6 17. Qf3 Qg5 18. Kf1 Bxd5 19. exd5 Ne7 20. Qe2 f5 21. f3 Kf7 22. Nc2 Nxd5 23. a4 Nc7 24. axb5 axb5 25. Ra7 Be7 26. Bxb5 Nxb5 27. Qxb5 Rg8 28. Rd2 Re6 29. Qd7 Qg3 30. Ne1 e4 31. Rd5 Rg5 32. Rxd6 Re5 33. Ra8 Rg8 34. Rxg8 Kxg8 35. Qe8+ Kg7 36. Rd7 Qh4 37. Qb8 Re6 38. Qb5 e3 39. Qe2 Kf8 40. Nc2 Rb6 41. Nd4 Ra6 42. Nb3 Qg3 43. Rc7 Ra2 44. Qc2 Bf6 45. Rc8+ 1/2-1/2

[Event "IECG QB.2003.0.00034 email"]
[Site "IECG email"]
[Date "2003.04.06"]
[Round "?"]
[White "Zhelezny, Andrey"]
[Black "Koslowski, Volker"]
[Result "1-0"]
[WhiteElo "1758"]
[BlackElo "1988"]
[PlyCount "37"]
[EventDate "2003.04.06"]
[EventType "tourn (corr)"]
[EventRounds "6"]
[SourceTitle "Corr 2008"]
[Source "ChessBase"]
[SourceDate "2008.06.24"]
[SourceVersion "1"]
[SourceVersionDate "2008.06.24"]
[SourceQuality "1"]

1. e4 e5 2. f4 exf4 3. Nf3 d5 4. exd5 Nf6 5. Bb5+ c6 6. dxc6 Nxc6 7. d4 Bd6 8. Qe2+ Be6 9. Ng5 Qe7 10. Nxe6 Qxe6 11. Qxe6+ fxe6 12. 0-0 g5 13. Nd2 0-0-0 14. c3 a6 15. Bxc6 bxc6 16. Re1 Rhe8 17. Nf3 h6 18. h4 gxh4 19. Ne5 1-0

[Event "CFriend SI-2003-0-00006 email"]
[Site "Chessfriend.com"]
[Date "2003.04.06"]
[Round "?"]
[White "Zhelezny, Andrey"]
[Black "Weiss, Frederic J Marie"]
[Result "1-0"]
[WhiteElo "1923"]
[BlackElo "1752"]
[PlyCount "83"]
[EventDate "2003.??.??"]
[EventType "tourn (corr)"]
[EventRounds "8"]
[SourceTitle "Corr 2008"]
[Source "ChessBase"]
[SourceDate "2008.06.24"]
[SourceVersion "1"]
[SourceVersionDate "2008.06.24"]
[SourceQuality "1"]

1. e4 c5 2. Nf3 g6 3. d4 cxd4 4. Qxd4 Nf6 5. Bb5 Nc6 6. Bxc6 dxc6 7. Qxd8+ Kxd8 8. Nc3 Bg7 9. Bf4 Nh5 10. Be5 f6 11. 0-0-0+ Ke8 12. Bc7 Bg4 13. Ne2 Rc8 14. Ba5 f5 15. exf5 gxf5 16. Nfg1 b6 17. Bd2 Bxe2 18. Nxe2 e5 19. Ng3 Nxg3 20. hxg3 h5 21. Bg5 e4 22. Rd6 b5 23. Rhd1 Rg8 24. Re6+ Kf7 25. Re7+ Kf8 26. Bh4 a5 27. Kb1 Re8 28. Rc7 Be5 29. Rxc6 e3 30. fxe3 Bxg3 31. Bd8 Be5 32. Rh6 Rxg2 33. Rxh5 Kf7 34. Rxf5+ Ke6 35. Rff1 a4 36. a3 Re2 37. Rg1 Rh8 38. Rg6+ Kf7 39. Rc6 Rxe3 40. Bb6 Reh3 41. Rd7+ Ke8 42. Ra7 1-0

[Event "IECG CC.2003.0.00058 email"]
[Site "IECG email"]
[Date "2003.03.16"]
[Round "?"]
[White "Betts, Michael"]
[Black "Zhelezny, Andrey"]
[Result "0-1"]
[WhiteElo "1653"]
[BlackElo "1758"]
[PlyCount "86"]
[EventDate "2003.03.16"]
[EventType "tourn (corr)"]
[EventRounds "6"]
[SourceTitle "Corr 2008"]
[Source "ChessBase"]
[SourceDate "2008.06.24"]
[SourceVersion "1"]
[SourceVersionDate "2008.06.24"]
[SourceQuality "1"]

1. e4 c5 2. Nf3 Nc6 3. Bb5 Nf6 4. Nc3 e5 5. d3 d6 6. Be3 Be7 7. 0-0 0-0 8. Bc4 Be6 9. Bxe6 fxe6 10. Ng5 Qd7 11. f4 d5 12. fxe5 Nxe5 13. Bf4 Ng6 14. Bg3 d4 15. Nb1 h6 16. Nh3 Bd6 17. Bxd6 Qxd6 18. Nd2 Ne5 19. Nf4 Nfg4 20. Nc4 Nxc4 21. Qxg4 Ne3 22. Qxe6+ Qxe6 23. Nxe6 Rxf1+ 24. Rxf1 Nxf1 25. Kxf1 Rc8 26. c3 Rc6 27. Nd8 Rb6 28. cxd4 cxd4 29. Ke2 Rxb2+ 30. Kf3 Rb6 31. e5 Kf8 32. a4 Ke7 33. a5 Rb5 34. Nxb7 Rxb7 35. Ke4 Ke6 36. Kxd4 Rb2 37. g3 Rxh2 38. Ke4 Re2+ 39. Kf4 Rxe5 40. a6 Kd5 41. Kf3 Kd4 42. g4 Ra5 43. Ke2 Rxa6 0-1